000 01303nam a22003135i 4500
001 177370
003 ES-MaACL
005 20250928134309.0
008 110318s2010 sp o |||| | spa d
020 _a978-84-9850-289-3
080 _a7.036(460.23)(083.824)
245 0 3 _aEl fumador /
_cSerafín Álvarez ... [et al.] ; [a càrrec de Sergi Botella i Mariona Moncunill ; coordinació David Armengol, Amanda Cuesta i Jordi Pino ; traducció a l'anglés, Rubén Verdú].
260 _a[Barcelona] :
_bAjuntament de Barcelona,
_cD. L. 2010.
300 _a[25] p. :
_bfot. col. ;
_c24 cm.
500 _aRecopilación de las propuestas de los artistas para la exposición El fumador, integrada en la programación de Sant Andreu Contemporani 2010.
546 _aTexto en catalán, español e inglés.
650 4 _aArte-
_zCataluña-
_yS.XX-
_vExposiciones.
_9138262
655 7 _2tgfbne
_9193628
_aCatálogos de exposiciones
700 1 _aÁlvarez, Serafín.
_9145713
700 1 _aBotella, Sergi.
_9145710
700 1 _aMoncunill, Mariona.
_9145711
700 1 _aArmengol, David,
_d1974-
_9145702
700 1 _aCuesta, Amanda.
_9145703
700 1 _aPino, Jordi.
_9145704
700 1 _aVerdú, Rubén.
_9145712
852 _aES-MaACL
_j2275-F-17
942 _2udc
999 _c177370
_d177370